000
00320nam a2200133Ia 4500
003
GCL
008
140319s9999 xx 000 0 ara d
040
_a
GCL /
_c
GCL
082
0
4
_a
814.9
_b
ز ح
100
1
_a
زكى مبارك
245
1
0
_a
الحديث ذو شجون /
_c
زكى مبارك
300
_a
547 ص
490
_a
999
_c
37809
_d
37809